Cooperacin̤ institucional o ¿cm̤o gestionar redes y partenariados en el m̀bito pb︢lico?

Bibliographic Details
Main Author: Varela ℓlvarez, Enrique Još
Format: eBook
Language:Spanish
Published: Madrid: Instituto Nacional de Administracin̤ Pb︢lica (INAP), 2018
Subjects:
Online Access:Acceso restringido

MARC

LEADER 00000nam a22000007a 4500
005 20190411130427.0
007 cr|||| ||||
008 190411s2018 es |||||s|||| 00||0 spa d
020 |a 978-84-7351-652-5 
035 |a 23115 
040 |a vLex 
090 |c 8604  |d 8604 
100 1 |a Varela ℓlvarez, Enrique Još 
245 1 0 |a Cooperacin̤ institucional o ¿cm̤o gestionar redes y partenariados en el m̀bito pb︢lico?  |h [Recurso electrn̤ico] /  |c Enrique Jos ̌Varela ℓlvarez 
256 |a Servicio en ln̕ea 
260 |a Madrid:  |b Instituto Nacional de Administracin̤ Pb︢lica (INAP),  |c 2018 
300 |a 1 recurso electrn̤ico 
506 1 |a Disponible solo en los productos indicados  |d vLex Global  |d vLex Global (Academic Edition, excluding Law Schools)  |d vLex Global (U.S. Academic Edition, Law Schools)  |d vLex Global (U.S. Academic Edition, excluding Law Schools)  |d vLex Global (Academic Edition, Law Schools) 
650 0 4 |a Derecho Pb︢lico y Administrativo  |z Espaą 
740 0 |a vLex Libros (Servicio en ln̕ea) 
856 4 0 |u http://vlex.com/source/cooperacion-institucional-o-como-gestionar-redes-y-partenariados-en-el-ambito-publico--23115  |z Acceso restringido 
942 |c BOOK 
999 0 |a Public and Administrative Law